[Event "It (open)"]
[Site "masterchessopen.com Mogliano Veneto (Italy)"]
[Date "2011.05.01"]
[Round "5"]
[White "Gromovs Sergejs (ITA)"]
[Black "Santolini Luigi (ITA)"]
[Result "1-0"]
[WhiteElo "2308"]
[BlackElo "2208"]

1.d4 Nf6 2.Nf3 g6 3.c4 Bg7 4.Nc3 O-O 5.g3 d6 6.Bg2 Nc6 7.O-O a6 8.Bf4 Rb8 9.a4
Nh5 10.Be3 e5 11.d5 Ne7 12.c5 f5 13.cxd6 cxd6 14.a5 Bd7 15.Bb6 Qe8 16.Bc7 Rc8
17.Bxd6 e4 18.Nd4 Rc4 19.e3 Bxd4 20.exd4 Rf7 21.Be5 Rb4 22.Qc2 Rc4 23.f3 exf3
24.Bxf3 Nf6 25.Rae1 Ne4 26.Bxe4 fxe4 27.Nxe4 Rxf1+ 28.Rxf1 {#r} 1-0

[Event "It \"]
[Site "masterchessopen.com Barcelona (Spain)"]
[Date "2011.05.12"]
[Round "6"]
[White "Corominas Garrido Jordi (ESP)"]
[Black "Gonzalez Consuegra Amador (ESP)"]
[Result "1-0"]
[WhiteElo "1907"]
[BlackElo "1840"]

1.c4 Nf6 2.Nc3 g6 3.g3 Bg7 4.Bg2 O-O 5.Nf3 d6 6.O-O Nc6 7.d4 a6 8.e3 e5 9.h3
Bd7 10.b3 Nh5 11.Bb2 Qc8 12.Kh2 f5 13.Nd5 e4 14.Ng1 Nf6 15.Nxf6+ Bxf6 16.f4
Nb4 17.Qd2 Nd3 18.Bc3 b5 19.Rfd1 b4 20.Bxb4 Nxb4 21.Qxb4 c5 22.Qd2 cxd4
23.exd4 Bc6 24.Rac1 Qe8 25.Qe3 d5 26.Ne2 Ra7 27.Nc3 dxc4 28.d5 Ba8 29.Qxa7
{#r} 1-0

[Event "Ch Colombia (juniors) (under 16) (g)"]
[Site "masterchessopen.com Cali (Colombia)"]
[Date "2011.05.26"]
[Round "9"]
[White "Maldonado Barrera Lina E"]
[Black "Castrillon Melissa (COL)"]
[Result "0-1"]
[WhiteElo "1811"]
[BlackElo "2105"]

1.Nf3 Nf6 2.g3 g6 3.Bg2 Bg7 4.d4 O-O 5.O-O d6 6.c4 Nc6 7.Nc3 a6 8.a3 Rb8 9.b4
b5 10.cxb5 axb5 11.Bb2 Nd7 12.Rc1 Ba6 13.e3 e5 14.Nd2 exd4 15.Bxc6 dxc3
16.Bxc3 Ne5 17.Bg2 Bb7 18.Qe2 Bxg2 19.Kxg2 Ra8 20.f4 Nd7 21.Bxg7 Kxg7 22.Nf3
Nf6 23.Qb2 Re8 24.Rfe1 Kg8 25.Nd4 Ng4 26.Qc3 c5 27.bxc5 dxc5 28.Nxb5 Qd5+
29.Kg1 Qf3 30.Rf1 Qe2 {#R} 0-1

[Event "Tournament \"]
[Site "masterchessopen.com Vila Nova de Gaia (Portugal)"]
[Date "2011.06.10"]
[Round "6"]
[White "Fernandes Alberto (POR)"]
[Black "Vasques Antonio Pedro Freixial (POR)"]
[Result "0-1"]
[WhiteElo "2164"]
[BlackElo "2200"]

1.d4 Nf6 2.c4 g6 3.Nc3 Bg7 4.g3 O-O 5.Bg2 d6 6.Nf3 Nc6 7.O-O a6 8.Re1 Rb8 9.d5
Na5 10.Qd3 c5 11.Rb1 b5 12.Nd2 Nxc4 13.Nxc4 bxc4 14.Qxc4 Ng4 15.Qd3 Bd4 16.e3
Bf5 17.Be4 Ne5 18.Qc2 Nf3+ 19.Kf1 Nxe1 20.Kxe1 Bxc3+ 21.bxc3 Bxe4 22.Qxe4 Qa5
23.Rxb8 Rxb8 24.Qc2 Qb5 25.f3 Qc4 26.e4 e6 27.dxe6 Qxe6 28.Kf2 d5 29.Bf4 Re8
30.exd5 Qe1+ {#R} 0-1

[Event "Tournament (open) \"]
[Site "masterchessopen.com Dresden (Germany)"]
[Date "2011.06.11"]
[Round "1"]
[White "Theer Tino"]
[Black "Fuchs Florian (GER)"]
[Result "0-1"]
[WhiteElo "1793"]
[BlackElo "2099"]

1.Nf3 Nf6 2.d4 g6 3.c4 Bg7 4.g3 O-O 5.Bg2 d6 6.O-O Nc6 7.Nc3 a6 8.e4 Bg4 9.Be3
Nd7 10.h3 Bxf3 11.Bxf3 e5 12.d5 Nd4 13.Bg2 c5 14.h4 Qa5 15.Bd2 Qc7 16.Kh1 b5
17.cxb5 axb5 18.b3 b4 19.Na4 Nb6 20.Nxb6 Qxb6 21.Be3 Ra3 22.Qb1 Rfa8 23.Bc1
R3a6 24.Rd1 Qa7 25.Rd2 Bh6 26.Rb2 Bxc1 27.Qxc1 Ra3 28.Qb1 Nb5 {#R} 0-1

[Event "Simultan"]
[Site "masterchessopen.com Prague (Czech Republic)"]
[Date "2011.06.12"]
[Round "1"]
[White "Anand Viswanathan (IND)"]
[Black "Boleslav Petr (CZE)"]
[Result "0-1"]
[WhiteElo "2817"]
[BlackElo "2119"]

1.c4 Nf6 2.Nc3 g6 3.g3 Bg7 4.Bg2 d6 5.Nf3 O-O 6.O-O a6 7.d4 Nc6 8.d5 Na5 9.b3
Rb8 10.Bb2 c5 11.dxc6 bxc6 12.Qd2 Bf5 13.Rac1 Re8 14.Nd4 Bd7 15.e4 c5 16.Nde2
Nc6 17.Nd5 e5 18.f4 Nxd5 19.cxd5 Nd4 20.Nxd4 exd4 21.Kh1 Qb6 22.Rce1 c4 23.Bc1
c3 24.Qc2 Bb5 25.Rf3 f5 26.e5 dxe5 27.fxe5 Bxe5 {#R} 0-1

[Event "Cup Summer (open)"]
[Site "masterchessopen.com Saratov (Russia)"]
[Date "2011.06.27"]
[Round "1"]
[White "Mamonov Alexey (RUS)"]
[Black "Biryukov Dmitriy (RUS)"]
[Result "0-1"]
[WhiteElo "1808"]
[BlackElo "2361"]

1.Nf3 d6 2.d4 g6 3.g3 Bg7 4.Bg2 Nf6 5.O-O O-O 6.c4 Nc6 7.Nc3 a6 8.e4 Bg4 9.Be3
Nd7 10.Qd2 Bxf3 11.Bxf3 e5 12.d5 Nd4 13.Bg2 c5 14.f4 f5 15.Kh1 Rb8 16.exf5
Nxf5 17.Ne4 Nxe3 18.Qxe3 exf4 19.Rxf4 Bxb2 20.Raf1 Qe7 21.Bh3 Rxf4 22.Qxf4 Rf8
23.Be6+ Kg7 24.Qf7+ Rxf7 25.Rxf7+ Qxf7 26.Bxf7 Kxf7 27.Nxd6+ Kf6 28.Nxb7 Ke5
29.g4 Kf4 {#R} 0-1

[Event "Ch Turkey (team)"]
[Site "masterchessopen.com Konya (Turkey)"]
[Date "2011.07.02"]
[Round "5"]
[White "Nyzhnyk Illya (UKR)"]
[Black "Kilicaslan Hasan (TUR)"]
[Result "1-0"]
[WhiteElo "2561"]
[BlackElo "2255"]

1.d4 Nf6 2.c4 g6 3.Nf3 Bg7 4.g3 O-O 5.Bg2 d6 6.Nc3 Nc6 7.O-O a6 8.b3 Bd7 9.Bb2
Rb8 10.Rc1 e5 11.dxe5 Nxe5 12.Nd4 Re8 13.Qd2 Nc6 14.Nc2 Qc8 15.Rfe1 Bh3 16.Bh1
Qf5 17.Nd5 Nxd5 18.Bxg7 Kxg7 19.cxd5 Ne5 20.Ne3 Qf6 21.Rxc7 Rbc8 22.Rxb7 Nd7
23.Rb4 h5 24.Rh4 Bf5 25.Rf4 Re5 26.Bg2 g5 27.Rf3 Qg6 28.Rxf5 {#r} 1-0

[Event "Ch Chess City"]
[Site "masterchessopen.com Elista (Russia)"]
[Date "2011.07.04"]
[Round "7"]
[White "Imeeva Aisa (RUS)"]
[Black "Chub Alexey (RUS)"]
[Result "0-1"]
[WhiteElo "2048"]
[BlackElo "2075"]

1.Nf3 Nf6 2.g3 g6 3.Bg2 Bg7 4.O-O O-O 5.d4 d6 6.c4 Nc6 7.Nc3 a6 8.b3 Rb8 9.a4
e5 10.e3 Re8 11.Bb2 Bf5 12.Nh4 Bg4 13.f3 exd4 14.exd4 Bd7 15.d5 Na5 16.f4 Ng4
17.Rf3 Ne3 18.Qd3 Nxg2 19.Kxg2 Nxb3 20.Raf1 Nd4 21.R3f2 Nf5 22.Nxf5 Bxf5
23.Qd2 Qe7 24.h3 h5 25.Re2 Qd8 {#R} 0-1

[Event "Memorial M.Najdorf (open)"]
[Site "masterchessopen.com Warsaw (Poland)"]
[Date "2011.07.20"]
[Round "7"]
[White "Maciaga Marcin (POL)"]
[Black "Stremavicius Titas (LTU)"]
[Result "1-0"]
[WhiteElo "2241"]
[BlackElo "2141"]

1.d4 Nf6 2.c4 g6 3.Nf3 Bg7 4.g3 O-O 5.Bg2 d6 6.Nc3 Nc6 7.O-O a6 8.Qd3 e5
9.dxe5 dxe5 10.Qxd8 Rxd8 11.Bg5 Be6 12.Nd2 h6 13.Bxf6 Bxf6 14.Nde4 Be7 15.Nd5
Bxd5 16.cxd5 Nb4 17.Nc3 c6 18.dxc6 Nxc6 19.Nd5 Rd6 20.Nb6 Rad8 21.Nc4 Rf6
22.Rfd1 b5 23.Ne3 Rxd1+ 24.Rxd1 Kg7 25.Rd7 e4 26.Bxe4 Bc5 27.Ng4 Re6 28.Bd5
Re7 29.Bxc6 Rxe2 30.Bd5 {#r} 1-0

[Event "It (open)"]
[Site "masterchessopen.com Dieren (Netherlands)"]
[Date "2011.07.25"]
[Round "6"]
[White "Deepan Chakkravarthy J (IND)"]
[Black "Hachijan Armen (NED)"]
[Result "1-0"]
[WhiteElo "2470"]
[BlackElo "2188"]

1.d4 Nf6 2.Nf3 g6 3.c4 Bg7 4.Nc3 d6 5.g3 O-O 6.Bg2 Nc6 7.O-O a6 8.h3 Bd7 9.e4
e5 10.Be3 Qc8 11.Kh2 exd4 12.Nxd4 Ne5 13.b3 Re8 14.a4 c5 15.Nde2 Qc7 16.Qd2
Nc6 17.Bg5 Nb4 18.Rad1 Bc6 19.Qf4 Re6 20.Qh4 Nd7 21.Rd2 h5 22.Rfd1 f6 23.Be3
Ne5 24.f4 Nf7 25.f5 gxf5 26.Nf4 Ree8 27.Nxh5 Qe7 28.Rf2 Bd7 29.Bc1 Qe5 30.Bb2
{#r} 1-0

[Event "It (cat.1)"]
[Site "masterchessopen.com Shepsi (Russia)"]
[Round "6"]
[White "Dubov Aleksandr (RUS)"]
[Black "Tsyhanchuk Stanislav (BLR)"]
[Result "0-1"]
[WhiteElo "2156"]
[BlackElo "2295"]

1.d4 Nf6 2.Nf3 g6 3.g3 Bg7 4.Bg2 O-O 5.c4 d6 6.O-O Nc6 7.Nc3 a6 8.e4 Bg4 9.Be3
Nd7 10.Qd2 Bxf3 11.Bxf3 e5 12.d5 Nd4 13.Bg2 c5 14.dxc6 bxc6 15.f4 Qa5 16.f5
Qb4 17.b3 Qxc3 18.Qxc3 Ne2+ 19.Kh1 Nxc3 20.Rf2 Nf6 {#R} 0-1

[Event "Ch Netherlands (open) (juniors) (under 20)"]
[Site "masterchessopen.com Borne (Netherlands)"]
[Date "2011.08.06"]
[Round "9"]
[White "Van Foreest Jorden (NED)"]
[Black "Nicolai Amir (NED)"]
[Result "1-0"]
[WhiteElo "2153"]
[BlackElo "1970"]

1.Nf3 Nf6 2.c4 g6 3.g3 Bg7 4.Bg2 O-O 5.O-O d6 6.d4 Nc6 7.Nc3 a6 8.d5 Na5 9.Qd3
c5 10.e4 Rb8 11.Bf4 b5 12.b3 Nh5 13.Rab1 Nxf4 14.gxf4 Bd7 15.Ne2 Qc7 16.Ng3
bxc4 17.bxc4 Rb4 18.Rbc1 Bb2 19.Rc2 Ba4 20.Rxb2 Rxb2 21.f5 Qb6 22.Qe3 f6
23.fxg6 hxg6 24.Qh6 Rf7 25.Bh3 f5 26.exf5 Rh7 27.Qxg6+ Rg7 28.Qe6+ Kf8 29.f6
exf6 30.Qxf6+ {#r} 1-0

[Event "It (cat.3)"]
[Site "masterchessopen.com Villa Martelli (Argentina)"]
[Date "2011.08.06"]
[Round "6"]
[White "Liascovich Lucas (ARG)"]
[Black "Guerrero Alvaro (URU)"]
[Result "1-0"]
[WhiteElo "2423"]
[BlackElo "2223"]

1.Nf3 d6 2.g3 g6 3.Bg2 Bg7 4.O-O Nf6 5.d4 O-O 6.c4 Nc6 7.Nc3 a6 8.b3 Rb8 9.Nd5
Nh5 10.Bb2 e6 11.Nf4 Nxf4 12.gxf4 Ne7 13.Rc1 Nf5 14.e3 b6 15.Rc2 Nh4 16.Nxh4
Qxh4 17.Qc1 Bd7 18.f3 c5 19.Rd1 Qh5 20.Rf2 Rbd8 21.Qa1 Rc8 22.a3 a5 23.b4 axb4
24.axb4 Ra8 25.Qb1 {#r} 1-0

[Event "It (open)"]
[Site "masterchessopen.com Dresden (Germany)"]
[Date "2011.08.07"]
[Round "2"]
[White "Rychagov Andrey (RUS)"]
[Black "Fruebing Stefan (GER)"]
[Result "1-0"]
[WhiteElo "2556"]
[BlackElo "2373"]

1.d4 Nf6 2.c4 g6 3.g3 Bg7 4.Bg2 d6 5.Nf3 O-O 6.O-O Nc6 7.Nc3 a6 8.Qd3 e5
9.dxe5 dxe5 10.Qxd8 Rxd8 11.Bg5 Re8 12.Rfd1 h6 13.Bxf6 Bxf6 14.Nd2 Nd4 15.Nde4
Bd8 16.Nc5 c6 17.N5e4 Be7 18.e3 Nf5 19.Na4 Rb8 20.b3 h5 21.Rd2 Kg7 22.Rad1 b5
23.cxb5 cxb5 24.Nac5 Rb6 25.Rd5 Bf8 26.h3 Ne7 27.Nd6 Rd8 28.Nf5+ Nxf5 29.Rxd8
Nd6 30.R8xd6 {#r} 1-0

[Event "It (cat.2) (b)"]
[Site "masterchessopen.com Budapest (Hungary)"]
[Date "2011.08.09"]
[Round "4"]
[White "Csonka Balazs (HUN)"]
[Black "Franklin Samuel (ENG)"]
[Result "1-0"]
[WhiteElo "2289"]
[BlackElo "1827"]

1.d4 Nf6 2.c4 g6 3.g3 Bg7 4.Bg2 O-O 5.Nc3 d6 6.Nf3 Nc6 7.O-O a6 8.Qd3 Nd7
9.Be3 Rb8 10.Rac1 b5 11.cxb5 axb5 12.b3 e6 13.Qd2 b4 14.Na4 Ne7 15.Bh6 Bxh6
16.Qxh6 f5 17.Qd2 Nf6 18.Qc2 Ned5 19.Nd2 f4 20.Ne4 Rf7 21.Nxf6+ Qxf6 22.e4 f3
23.Bh3 Nf4 24.gxf4 Qh4 25.Kh1 Qxh3 26.Rg1 Rxf4 27.Qxc7 Ra8 28.Qc6 {#r} 1-0

[Event "It (open)"]
[Site "masterchessopen.com Geraardsbergen (Belgium)"]
[Date "2011.08.15"]
[Round "9"]
[White "Clijsen Mark (NED)"]
[Black "Renette Hans (BEL)"]
[Result "1-0"]
[WhiteElo "2179"]
[BlackElo "2348"]

1.d4 Nf6 2.Nf3 g6 3.c4 Bg7 4.Nc3 O-O 5.g3 d6 6.Bg2 Nc6 7.O-O a6 8.b3 Rb8 9.a4
Bf5 10.Bb2 Nb4 11.Na2 Nxa2 12.Rxa2 Be4 13.Nh4 Bxg2 14.Nxg2 Qd7 15.f3 d5 16.e3
Rfd8 17.Qe2 e6 18.Nf4 dxc4 19.bxc4 Qc6 20.e4 Ne8 21.e5 Bh6 22.Qe4 Qxc4 23.Raa1
Bxf4 24.Qxf4 c6 25.Rfd1 Rd5 26.Ba3 Rd7 27.Qh4 Ng7 28.g4 Rxd4 29.Be7 Qd5 30.Bf6
Rxd1+ {#r} 1-0

[Event "It (open) \"]
[Site "masterchessopen.com Rewal (Poland)"]
[Date "2011.08.23"]
[Round "4"]
[White "Rychlik Hanna (POL)"]
[Black "Jarus Grzegorz (POL)"]
[Result "1-0"]
[WhiteElo "2081"]
[BlackElo "1858"]

1.d4 Nf6 2.c4 d6 3.Nf3 g6 4.g3 Bg7 5.Nc3 O-O 6.Bg2 a6 7.O-O Nc6 8.d5 Ne5
9.Nxe5 dxe5 10.e4 c5 11.dxc6 bxc6 12.Be3 Qc7 13.Qc2 Rd8 14.Na4 Nd7 15.c5 Nf8
16.Nb6 Rb8 17.Qc4 Kh8 18.Nxc8 Qxc8 19.b3 e6 20.Rad1 Qb7 21.Rd6 h6 22.Rfd1 Nd7
23.Qd3 {#r} 1-0

[Event "Cup Nordic (team)"]
[Site "masterchessopen.com Reykjavik (Iceland)"]
[Date "2011.08.27"]
[Round "2"]
[White "Lee Gudmundur Kristinn (ISL)"]
[Black "Botheim Tor (NOR)"]
[Result "0-1"]
[WhiteElo "1643"]
[BlackElo "1954"]

1.d4 Nf6 2.c4 g6 3.Nc3 Bg7 4.g3 O-O 5.Bg2 d6 6.Nf3 Nc6 7.O-O a6 8.Be3 Bd7
9.Qd2 Ng4 10.Rfd1 Nxe3 11.Qxe3 Rb8 12.Nh4 e5 13.d5 Ne7 14.Qc1 f5 15.e4 f4
16.Nf3 h6 17.b4 g5 18.c5 Ng6 19.Qa3 Qf6 20.Rf1 g4 21.Nd2 f3 22.Bh1 h5 23.Nc4
Bh6 24.Nd1 Nf4 25.Re1 Ne2+ 26.Kf1 Bb5 27.Qd3 Bd2 28.Rxe2 fxe2+ 29.Kxe2 Bxb4
30.a4 Bxc4 {#R} 0-1

[Event "It \"]
[Site "masterchessopen.com Buenos Aires (Argentina)"]
[Date "2011.09.12"]
[Round "1"]
[White "Vega Fernando (ARG)"]
[Black "Villanueva Mario (ARG)"]
[Result "0-1"]
[WhiteElo "2000"]
[BlackElo "2378"]

1.d4 Nf6 2.Nf3 g6 3.c4 Bg7 4.g3 O-O 5.Bg2 d6 6.O-O Nc6 7.Nc3 a6 8.h3 Rb8 9.e4
b5 10.e5 Nd7 11.e6 fxe6 12.Ng5 Nxd4 13.Be3 h6 14.Bxd4 hxg5 15.Ba7 Rb7 16.Bxb7
Bxb7 17.Qg4 Rf5 18.f4 c5 19.Rae1 Nf8 20.Ne2 Qd7 21.h4 Qc6 22.Qh3 g4 23.Qh2
bxc4 {#R} 0-1

[Event "It (open)"]
[Site "masterchessopen.com Goiania (Brazil)"]
[Date "2011.09.16"]
[Round "2"]
[White "Juliani Sidnei (BRA)"]
[Black "Fier Alexander Hilario Takeda (BRA)"]
[Result "0-1"]
[WhiteElo "1818"]
[BlackElo "2583"]

1.d4 Nf6 2.c4 g6 3.Nf3 Bg7 4.Nc3 O-O 5.g3 d6 6.Bg2 Nc6 7.O-O a6 8.e4 Bg4 9.h3
Bxf3 10.Bxf3 Nd7 11.Be3 e5 12.d5 Nd4 13.Bg2 c5 14.dxc6 bxc6 15.f4 Rb8 16.Rb1
Qa5 17.f5 Qb4 18.fxg6 hxg6 19.Qg4 Nf6 20.Qh4 Nh5 21.Rfc1 Qxc4 22.Nd5 Ne2+
23.Kh2 Nxc1 24.Ne7+ Kh7 25.g4 Bf6 26.Bg5 Bxg5 27.Qxg5 Nf4 {#R} 0-1

[Event "Ch Europe (juniors) (under 14)"]
[Site "masterchessopen.com Albena (Bulgaria)"]
[Date "2011.09.17"]
[Round "6"]
[White "Bunta Andrei (ROM)"]
[Black "Bayramov Elkhan (AZE)"]
[Result "0-1"]
[WhiteElo "1797"]
[BlackElo "2055"]

1.c4 Nf6 2.d4 g6 3.g3 Bg7 4.Bg2 O-O 5.Nf3 d6 6.O-O a6 7.Nc3 Nc6 8.h3 e5 9.d5
Ne7 10.e4 h6 11.Bd2 Ne8 12.Ne1 f5 13.Nd3 Nf6 14.Qe2 fxe4 15.Nxe4 Nf5 16.Bc3
Bd7 17.b4 b5 18.Nb2 bxc4 19.Nxf6+ Qxf6 20.Nxc4 Nd4 21.Bxd4 exd4 22.a4 Rae8
23.Qd2 {#R} 0-1

[Event "It \"]
[Site "masterchessopen.com Madrid (Spain)"]
[Date "2011.09.17"]
[Round "3"]
[White "Nieto De La Cruz Julio (ESP)"]
[Black "Almagro Llanas Pablo (ESP)"]
[Result "0-1"]
[WhiteElo "2154"]
[BlackElo "2466"]

1.d4 Nf6 2.Nf3 g6 3.g3 Bg7 4.Bg2 O-O 5.O-O d6 6.c4 a6 7.Nc3 Nc6 8.Qd3 Nd7
9.Rb1 e5 10.d5 Nd4 11.b4 f5 12.Nxd4 exd4 13.Nd1 b5 14.f4 a5 15.a3 axb4 16.axb4
bxc4 17.Qxc4 Ra4 18.Nb2 Nb6 19.Qb3 Ra8 20.Nc4 Na4 21.Na5 Nc3 22.Rb2 Ba6 23.Bf3
Qe8 24.Re1 Qb5 25.Rc2 Rfe8 26.Bb2 Qb6 27.e3 Bd3 28.Rd2 Rxe3 29.Rxd3 Rxe1+ {#R}
0-1

[Event "Verbandsliga Mitte 2011/12"]
[Site "masterchessopen.com Germany"]
[Date "2011.09.18"]
[Round "1"]
[White "Hoffmann Tim"]
[Black "Jonas Rainer"]
[Result "1-0"]
[WhiteElo "1930"]
[BlackElo "1879"]

1.d4 Nf6 2.Nf3 g6 3.g3 Bg7 4.Bg2 O-O 5.O-O d6 6.c4 Nc6 7.Nc3 a6 8.b3 e5 9.dxe5
Nxe5 10.Nxe5 dxe5 11.Ba3 Re8 12.Qxd8 Rxd8 13.Rad1 Nd7 14.Nd5 c6 15.Nb6 Rb8
16.Be7 {#r} 1-0

[Event "It \"]
[Site "masterchessopen.com Buenos Aires (Argentina)"]
[Date "2011.09.20"]
[Round "7"]
[White "Barrionuevo Pablo (ARG)"]
[Black "Villanueva Mario (ARG)"]
[Result "0-1"]
[WhiteElo "2314"]
[BlackElo "2378"]

1.d4 Nf6 2.c4 g6 3.Nf3 Bg7 4.g3 O-O 5.Bg2 d6 6.O-O Nc6 7.Nc3 a6 8.Qd3 Nd7
9.Be3 e5 10.Qd2 exd4 11.Nxd4 Nde5 12.Nxc6 bxc6 13.b3 Bd7 14.h3 f5 15.Rac1 Qe7
16.Rfd1 Rae8 17.c5 d5 18.Bg5 Qf7 19.f4 h6 20.Bh4 g5 21.fxg5 Qh5 22.Rf1 Nf7
23.gxh6 Bxh6 24.Rf4 Ne5 25.Rcf1 Ng6 26.Bf3 Bxf4 {#R} 0-1

[Event "It \"]
[Site "masterchessopen.com Madrid (Spain)"]
[Date "2011.09.22"]
[Round "8"]
[White "Rodriguez De Castro Ayar (ESP)"]
[Black "Ortega Ruiz Jose Miguel (ESP)"]
[Result "1-0"]
[WhiteElo "2149"]
[BlackElo "2266"]

1.d4 Nf6 2.c4 g6 3.g3 Bg7 4.Bg2 O-O 5.Nf3 d6 6.O-O Nc6 7.Nc3 a6 8.Re1 Rb8 9.e4
e5 10.h3 b5 11.d5 Na5 12.c5 Nh5 13.b4 Nc4 14.Nd2 dxc5 15.Nxc4 cxb4 16.Na5 c5
17.Nc6 Qd6 18.Nxb8 bxc3 19.Nc6 Bd7 20.Qb3 b4 21.a3 Bxc6 22.dxc6 a5 23.axb4
axb4 24.Be3 Qxc6 25.Ra5 {#r} 1-0

[Event "It (open) (amateurs)"]
[Site "masterchessopen.com Calvia (Spain)"]
[Date "2011.10.08"]
[Round "1"]
[White "Navarro Ortiz De Ortuno B (ESP)"]
[Black "Rodvik Trym Daniel (NOR)"]
[Result "1-0"]
[WhiteElo "2275"]
[BlackElo "1909"]

1.d4 Nf6 2.c4 g6 3.Nf3 Bg7 4.g3 O-O 5.Bg2 d6 6.O-O Nc6 7.Nc3 a6 8.h3 Bd7 9.Be3
e5 10.Rc1 Qc8 11.Kh2 exd4 12.Nxd4 Ne5 13.Nd5 Qd8 14.Nxf6+ Qxf6 15.Bxb7 Rab8
16.Bg2 Rxb2 17.f4 c5 18.fxe5 Qxe5 19.Nc2 Ba4 20.Bf4 Qc3 21.Bxd6 Rd8 22.Qd5
Rxc2 23.Rxc2 Bxc2 24.Qxf7+ Kh8 25.Qe7 Rc8 26.Rf7 h6 27.Rxg7 Qxg7 28.Be5 {#r}
1-0

[Event "Ch Slovakia (team) 2011/12 (2 liga) (c)"]
[Site "masterchessopen.com Slovakia"]
[Date "2011.10.09"]
[Round "2"]
[White "Stehlik Peter"]
[Black "Nemec Anton (SVK)"]
[Result "1-0"]
[WhiteElo "1934"]
[BlackElo "2120"]

1.d4 Nf6 2.Nf3 g6 3.g3 Bg7 4.Bg2 O-O 5.c4 d6 6.O-O Nc6 7.Nc3 a6 8.e4 Bg4 9.Be3
Re8 10.h3 Bxf3 11.Qxf3 e5 12.d5 Nd4 13.Qd1 Nd7 14.h4 Rb8 15.h5 b5 16.cxb5 axb5
17.Ne2 f5 18.Bxd4 exd4 19.Nxd4 Bxd4 20.Qxd4 fxe4 21.hxg6 Qf6 22.gxh7+ Kxh7
23.Bxe4+ {#r} 1-0

[Event "Ch India"]
[Site "masterchessopen.com Aurangabad (India)"]
[Date "2011.10.10"]
[Round "2"]
[White "Arun Prasad S (IND)"]
[Black "Kulkarni Vikramaditya (IND)"]
[Result "0-1"]
[WhiteElo "2522"]
[BlackElo "2449"]

1.d4 Nf6 2.c4 g6 3.Nf3 Bg7 4.Nc3 O-O 5.g3 d6 6.Bg2 a6 7.O-O Nc6 8.b3 Rb8 9.Nd5
Nh5 10.Bb2 e6 11.Nc3 b5 12.Rb1 Bd7 13.Qd3 Qe7 14.Rfd1 b4 15.Ne4 f5 16.Ned2 e5
17.dxe5 dxe5 18.c5 e4 19.Qd5+ Rf7 20.Ne1 Bc3 21.a4 Nf6 22.Qc4 Ne5 23.Qxa6 Bc8
{#R} 0-1

[Event "Ch Belgrade (team) (qual. liga)"]
[Site "masterchessopen.com Belgrade (Serbia)"]
[Date "2011.10.22"]
[Round "3"]
[White "Ivanovic Nikola (SRB)"]
[Black "Dizdarevic Barbara (SRB)"]
[Result "1-0"]
[WhiteElo "2241"]
[BlackElo "1962"]

1.Nf3 Nf6 2.c4 g6 3.Nc3 Bg7 4.g3 O-O 5.Bg2 d6 6.d4 Nc6 7.O-O a6 8.Nd5 Bg4
9.Nxf6+ Bxf6 10.d5 Ne5 11.Nd2 b5 12.cxb5 axb5 13.f4 Nd3 14.h3 Nxc1 15.hxg4
Bxb2 16.Rxc1 Bxc1 17.Qxc1 Rxa2 18.f5 Qa8 19.Ne4 Qa7+ 20.Kh1 Kg7 21.f6+ exf6
22.Qc3 Rxe2 23.Qxf6+ Kg8 24.Ng5 c6 25.Ne6 Rxe6 26.dxe6 Qa2 27.e7 {#r} 1-0

[Event "Memorial Siamidi (open)"]
[Site "masterchessopen.com Ufa (Russia)"]
[Date "2011.10.24"]
[Round "9"]
[White "Ilkin Albert (RUS)"]
[Black "Glidzhjan Gor (RUS)"]
[Result "0-1"]
[WhiteElo "2147"]
[BlackElo "2331"]

1.d4 Nf6 2.Nf3 g6 3.g3 Bg7 4.Bg2 O-O 5.O-O d6 6.c4 Nc6 7.Nc3 a6 8.h3 Rb8 9.b3
Nd7 10.e3 e5 11.Bb2 h6 12.Nd5 e4 13.Nd2 f5 14.f3 exf3 15.Qxf3 Nf6 16.Nxf6+
Qxf6 17.Rab1 Bd7 18.g4 Qg5 19.Qd5+ Kh7 20.Rbe1 Nb4 21.Qa5 Nd3 22.Nf3 Qe7
23.gxf5 Bxf5 24.e4 Nxe1 25.Rxe1 Bxh3 {#R} 0-1

[Event "It (open)"]
[Site "masterchessopen.com Deizisau (Germany)"]
[Date "2011.11.01"]
[Round "7"]
[White "Naumann Axel (GER)"]
[Black "Sanikidze Tornike (GEO)"]
[Result "0-1"]
[WhiteElo "2180"]
[BlackElo "2530"]

1.c4 g6 2.Nc3 Bg7 3.Nf3 d6 4.d4 Nf6 5.g3 O-O 6.Bg2 Nc6 7.O-O a6 8.b3 Rb8 9.d5
Na5 10.Nd4 Bd7 11.Qd3 Ng4 12.Bb2 c5 13.dxc6 bxc6 14.h3 Ne5 15.Qc2 Nexc4
16.Nxc6 Bxc6 17.bxc4 Bxg2 18.Kxg2 Nxc4 19.Rab1 Nxb2 20.Rxb2 Rxb2 21.Qxb2 Qa8+
{#R} 0-1

[Event "Ch Finland (team) 2011/12 (1 Division)"]
[Site "masterchessopen.com Finland"]
[Date "2011.11.20"]
[Round "4"]
[White "Ilmoni Tommy (FIN)"]
[Black "Immonen Vihtori (FIN)"]
[Result "1-0"]
[WhiteElo "2104"]
[BlackElo "2124"]

1.d4 Nf6 2.c4 g6 3.Nf3 Bg7 4.g3 d6 5.Bg2 O-O 6.O-O Nc6 7.Nc3 a6 8.b3 Rb8 9.Bb2
Bd7 10.Rc1 e6 11.e4 Ne7 12.Qe2 c5 13.dxc5 dxc5 14.e5 Ng4 15.h3 Nh6 16.Ne4 Qc7
17.Nf6+ Kh8 18.Ng5 Bxf6 19.exf6 Nc6 20.Bxc6 Qxc6 21.g4 Rbe8 22.Be5 Bc8 23.Rcd1
Rd8 24.Qe3 b6 25.Nxf7+ Nxf7 26.Qh6 {#r} 1-0

[Event "Ch World (juniors) (under 18)"]
[Site "masterchessopen.com Caldas Novas (Brazil)"]
[Date "2011.11.22"]
[Round "5"]
[White "Cori T Deysi (PER)"]
[Black "Gaehwiler Gabriel (SUI)"]
[Result "1-0"]
[WhiteElo "2414"]
[BlackElo "2244"]

1.d4 Nf6 2.Nf3 g6 3.c4 Bg7 4.Nc3 O-O 5.g3 d6 6.Bg2 Nc6 7.O-O a6 8.Bf4 Ng4 9.h3
e5 10.Bg5 Bf6 11.hxg4 Bxg5 12.dxe5 dxe5 13.Nxg5 Qxg5 14.Bxc6 bxc6 15.Ne4 Qe7
16.g5 Bf5 17.Nf6+ Kg7 18.e4 Be6 19.Kg2 Bxc4 20.Rh1 h5 21.g4 Rad8 22.Qc2 Bd3
23.Qxc6 Qb4 24.Rh4 Bxe4+ 25.Kg1 {#r} 1-0

[Event "It (open)"]
[Site "masterchessopen.com Santa Cruz de Tenerife (Spain)"]
[Date "2011.12.19"]
[Round "2"]
[White "Tatai Stefano (ITA)"]
[Black "Rodriguez Fernandez Cristian (ESP)"]
[Result "1-0"]
[WhiteElo "2367"]
[BlackElo "1976"]

1.d4 Nf6 2.c4 g6 3.g3 Bg7 4.Bg2 O-O 5.Nf3 d6 6.O-O Nc6 7.Nc3 a6 8.h3 Rb8 9.e4
e5 10.d5 Na5 11.Qd3 c5 12.dxc6 bxc6 13.Rd1 Nb7 14.Be3 Qe7 15.Ne1 Be6 16.b4
Rfd8 17.Rac1 c5 18.a3 h6 19.Nd5 Qd7 20.Kh2 Kh7 21.Qe2 cxb4 22.axb4 Bxd5
23.cxd5 Qa4 24.Rc6 Qb5 25.Qc2 a5 {#r} 1-0